Sextet pro dechy a klavír partitura a hlasy /

Hlavní autor: Martinů, Bohuslav, 1890-1959
Jazyk: Nelze použít, není lingvistický obsah
Vydáno: Praha : Panton, [1992?]
Fyzický popis: 1 partitura (52 s.) + 5 hlasů
Hudebniny Hudebniny
Uloženo v:
LEADER 00707ncm a22002052a 4500
001 001261125
003 CZ BrMZK
005 20121026094846.0
007 qu
008 040330s1992 xr e zxx d
040 |a BOA001  |b cze  |c BOA001 
072 7 |a 788  |x Hudba pro dechové nástroje  |2 Konspekt  |9 9 
100 1 |a Martinů, Bohuslav,  |d 1890-1959  |7 jk01080381  |4 cmp 
245 1 0 |a Sextet pro dechy a klavír  |h [hudebnina] :  |b partitura a hlasy /  |c Bohuslav Martinů 
260 |a Praha :  |b Panton,  |c [1992?] 
300 |a 1 partitura (52 s.) + 5 hlasů 
910 |a BOA001  |b Mus4-0997.959 
990 |a MU 
991 |b 201210 
996 6 |b 2619062076  |c Mus4-0997.959  |l MZK  |r Sklad / do 1 hodiny  |n 0  |w 001294962  |u 000010  |a 1  |e BOA001  |j MZK50  |s P